| 000 | 00844nam a22003017a 4500 | ||
|---|---|---|---|
| 001 | 0075 | ||
| 003 | DO-SdBNP | ||
| 005 | 20180130110720.0 | ||
| 007 | 0075 | ||
| 008 | 151102b 1997 sp |||| |||| 00| 0 spa d | ||
| 020 | _a9687302879 | ||
| 040 |
_aBPMSU _bspa _cBPMSU |
||
| 092 |
_axxxxx _bxxxxx |
||
| 100 | 1 |
_aPérez Galdós, Benito, _d1843-1920. |
|
| 245 | 1 | 0 |
_aMarianela / _cBenito Pérez Galdós. |
| 250 | _a | ||
| 260 |
_aMéxico : _bTomo II, _c1997. |
||
| 300 |
_a204 p. : _bil., _c22 cm. |
||
| 490 | 1 | 0 | _a |
| 490 | 1 | 0 | _a Los clásicos |
| 504 | _aIncluye notas y referencias bibliográficas al pie de las páginas | ||
| 504 | _aBibliografías : p. 206-207 | ||
| 700 | 1 | 0 |
_aLacoma, Mario, _eil. |
| 830 | 0 | _aLos clásicos | |
| 942 |
_2ddc _cBK |
||
| 945 | _aInventariado, 2018 /LP | ||
| 956 |
_aVMATEO _210 _320160328 _6BPMSU _80069 |
||
| 999 |
_c9380 _d9380 |
||